[Event "NRW-ch U14"]
[Site "Kranenburg"]
[Date "2008.03.28"]
[Round "6"]
[White "Schulze, Marc Andre"]
[Black "Brune, Tobias"]
[Result "1-0"]
[WhiteElo "1465"]
[BlackElo "1345"]
[PlyCount "51"]
[EventDate "2008.03.24"]
[EventType "swiss"]
[EventRounds "7"]
[EventCountry "GER"]
[SourceTitle "EXT 2009"]
[Source "ChessBase"]
[SourceDate "2008.11.26"]
[SourceVersion "1"]
[SourceVersionDate "2008.11.26"]
[SourceQuality "1"]

1. d4 d5 2. c4 c6 3. Nf3 Nf6 4. g3 e6 5. Bg2 Nbd7 6. 0-0 Be7 7. Bf4 b6 8. Qb3 Bb7 9. Rc1 c5 10. e3 0-0 11. Ne5 Rc8 12. Nc3 Nxe5 13. dxe5 Ne4 14. Rd1 Qc7 15. cxd5 Nxc3 16. d6 Bxd6 17. exd6 Qd7 18. Bxb7 Qxb7 19. bxc3 Qd7 20. c4 Rfe8 21. Qb5 Rcd8 22. Qxd7 Rxd7 23. e4 e5 24. Be3 Re6 25. Rd5 Rdxd6 26. Rad1 1-0

[Event "NRW-ch U14"]
[Site "Kranenburg"]
[Date "2008.03.25"]
[Round "2"]
[White "Brune, Tobias"]
[Black "Takeuchi, Eiki"]
[Result "0-1"]
[WhiteElo "1345"]
[BlackElo "1863"]
[PlyCount "102"]
[EventDate "2008.03.24"]
[EventType "swiss"]
[EventRounds "7"]
[EventCountry "GER"]
[SourceTitle "EXT 2009"]
[Source "ChessBase"]
[SourceDate "2008.11.26"]
[SourceVersion "1"]
[SourceVersionDate "2008.11.26"]
[SourceQuality "1"]

1. d4 Nf6 2. c4 e6 3. Nc3 Bb4 4. Nf3 c5 5. e3 d6 6. Bd2 b6 7. Bd3 Bb7 8. 0-0 Nbd7 9. Qc2 a6 10. a3 Ba5 11. Rab1 Bxc3 12. Bxc3 Qc7 13. b4 e5 14. d5 0-0 15. a4 Rfe8 16. e4 a5 17. b5 Nf8 18. Rfe1 Ng6 19. g3 Bc8 20. Bf1 h6 21. h3 Nh7 22. Bd2 Qe7 23. Kh2 Ng5 24. Bg2 Rf8 25. Nxg5 hxg5 26. g4 f6 27. Rb3 Kf7 28. Ree3 Rh8 29. Kg1 Bd7 30. Rf3 Nh4 31. Rg3 Rh6 32. Rbd3 Rah8 33. Qb3 g6 34. Rc3 Rg8 35. Qc2 Ke8 36. Qc1 Rh7 37. Kf1 Rhg7 38. Kg1 Kf8 39. Kf1 Rf7 40. Kg1 Kg7 41. Kf1 Kh6 42. Kg1 Rfg7 43. Kf1 f5 44. Qe1 Qf6 45. Qe2 f4 46. Rgd3 Rh7 47. Be1 Kg7 48. Kg1 Rgh8 49. Qf1 Qd8 50. Kh2 Bxg4 51. hxg4 Nf3# 0-1

[Event "NRW-ch U14"]
[Site "Kranenburg"]
[Date "2008.03.24"]
[Round "1"]
[White "Miller, Eduard"]
[Black "Brune, Tobias"]
[Result "1-0"]
[WhiteElo "1743"]
[BlackElo "1345"]
[PlyCount "85"]
[EventDate "2008.03.24"]
[EventType "swiss"]
[EventRounds "7"]
[EventCountry "GER"]
[SourceTitle "EXT 2009"]
[Source "ChessBase"]
[SourceDate "2008.11.26"]
[SourceVersion "1"]
[SourceVersionDate "2008.11.26"]
[SourceQuality "1"]

1. e4 c5 2. Nf3 e6 3. Nc3 d5 4. exd5 exd5 5. Bb5+ Bd7 6. Qe2+ Be7 7. Nxd5 Bc6 8. Nxe7 Nxe7 9. 0-0 0-0 10. Bxc6 Nbxc6 11. d3 Re8 12. Bg5 Nf5 13. Qd2 f6 14. Bf4 Qd7 15. Rfe1 Rxe1+ 16. Rxe1 Rd8 17. Qc3 b6 18. Qc4+ Kh8 19. Qe4 h6 20. c3 Nfe7 21. d4 cxd4 22. Nxd4 Nxd4 23. cxd4 Nc6 24. d5 Qxd5 25. Qxd5 Rxd5 26. Kf1 Nb4 27. Re7 Nxa2 28. Rxa7 Nb4 29. Be3 Nd3 30. b3 Nc5 31. Ra3 Rd3 32. Ke2 Rd7 33. b4 Ne6 34. Ra6 Nc7 35. Ra7 Re7 36. Kf3 Nd5 37. Rxe7 Nxe7 38. Bxb6 Nd5 39. Bc5 f5 40. b5 g5 41. b6 Nxb6 42. Bxb6 Kg7 43. h4 1-0

[Event "NRW-ch U12"]
[Site "Kranenburg"]
[Date "2007.04.14"]
[Round "7"]
[White "Reksten, Daniel"]
[Black "Brune, Tobias"]
[Result "0-1"]
[WhiteElo "1256"]
[BlackElo "1118"]
[PlyCount "130"]
[EventDate "2007.04.09"]
[EventType "swiss"]
[EventRounds "7"]
[EventCountry "GER"]
[SourceTitle "EXT 2008"]
[Source "ChessBase"]
[SourceDate "2007.11.25"]
[SourceVersion "1"]
[SourceVersionDate "2007.11.25"]
[SourceQuality "1"]

1. d4 d5 2. c4 c6 3. Nc3 Nf6 4. Bg5 e6 5. Nf3 Be7 6. e3 Nbd7 7. Bd3 0-0 8. 0-0 Re8 9. c5 b6 10. b4 b5 11. Qc2 a6 12. Ne5 g6 13. Nxc6 Qc7 14. Nxe7+ Rxe7 15. e4 dxe4 16. Nxe4 Ng4 17. g3 f6 18. Bf4 e5 19. d5 Rf7 20. Bd2 f5 21. Nd6 Rf8 22. Nxc8 Raxc8 23. Qb3 Kg7 24. Bc3 h5 25. f4 Nxc5 26. bxc5 Qxc5+ 27. Kg2 Ne3+ 28. Kh3 Qxc3 29. Rfe1 Qxb3 30. axb3 exf4 31. Rxa6 Nxd5 32. Bxb5 fxg3 33. hxg3 h4 34. gxh4 Rc3+ 35. Kh2 Rxb3 36. Bc4 Rb2+ 37. Kh1 Nf4 38. Re7+ Kh6 39. Raa7 Kh5 40. Rh7+ Kg4 41. Ra5 Re8 42. Ra1 Reb8 43. Kg1 Rb1+ 44. Rxb1 Rxb1+ 45. Kf2 Nh3+ 46. Ke3 f4+ 47. Ke2 f3+ 48. Ke3 f2 49. Rg7 Rb6 50. Bf1 Rf6 51. Ke2 Nf4+ 52. Ke3 Nh5 53. Rh7 Kxh4 54. Be2 f1Q 55. Bxf1 Rxf1 56. Rd7 g5 57. Rd2 g4 58. Rh2+ Kg5 59. Rg2 Rf3+ 60. Ke4 Ng3+ 61. Ke5 Re3+ 62. Kd4 Kf4 63. Rf2+ Rf3 64. Rg2 Nf5+ 65. Kd5 Ne3+ 0-1

[Event "NRW-ch U12"]
[Site "Kranenburg"]
[Date "2007.04.09"]
[Round "1"]
[White "Brune, Tobias"]
[Black "Eigemann, Frederik"]
[Result "1/2-1/2"]
[WhiteElo "1118"]
[BlackElo "1496"]
[PlyCount "89"]
[EventDate "2007.04.09"]
[EventType "swiss"]
[EventRounds "7"]
[EventCountry "GER"]
[SourceTitle "EXT 2008"]
[Source "ChessBase"]
[SourceDate "2007.11.25"]
[SourceVersion "1"]
[SourceVersionDate "2007.11.25"]
[SourceQuality "1"]

1. c4 e5 2. e3 Nc6 3. d4 exd4 4. exd4 d5 5. Nf3 Bf5 6. Nc3 Nb4 7. Qa4+ c6 8. cxd5 Bc2 9. b3 Nxd5 10. Nxd5 Qxd5 11. Qc4 Qxc4 12. Bxc4 Be7 13. Ne5 Bg6 14. 0-0 Rd8 15. Bb2 Nf6 16. Rfe1 Nd7 17. Nxg6 hxg6 18. Ba3 c5 19. d5 Kf8 20. Rad1 Bd6 21. g3 Ne5 22. f4 Nf3+ 23. Kg2 Nxe1+ 24. Rxe1 Re8 25. Rc1 b6 26. Rb1 Re4 27. Rf1 Rd4 28. Rf2 Re4 29. Kf3 Re7 30. Bb2 Rh5 31. Bc1 Re1 32. Be3 Rh1 33. h4 Ra1 34. Bb5 Rxd5 35. Bc4 Rh5 36. Rd2 Be7 37. a4 Ra3 38. Rd7 a6 39. Rb7 Ke8 40. Rxb6 f6 41. Rxa6 Ra1 42. Ra8+ Kd7 43. Bb5+ Kc7 44. Ra7+ Kd6 45. Ra6+ 1/2-1/2